|
|
|
|
| LEADER |
01036Cam#a22002535a#4500 |
| 001 |
025080 |
| 005 |
20160721161315.0 |
| 008 |
130830s2006||||ag # ##| #100|0#spa#d |
| 040 |
|
|
|a AR-BeUNQ
|b spa
|
| 044 |
|
|
|a ag
|
| 082 |
0 |
4 |
|a 342.023
|2 21
|
| 100 |
1 |
|
|a García Belsunce, Horacio A.
|
| 245 |
1 |
3 |
|a Los tratados internacionales de derechos humanos y la constitución nacional /
|c Horacio A. García Belsunce.
|
| 260 |
|
|
|a Buenos Aires :
|b Academia Nacional de Ciencias de Buenos Aires,
|c 2006.
|
| 300 |
|
|
|a 14 p. ;
|c 23 cm.
|
| 500 |
|
|
|a Comunicación efectuada por el académico titular Dr. Horacio A. García Belsunce, en la Academia Nacional de Ciencias de Buenos Aires, el 24 de abril de 2006.
|
| 650 |
|
7 |
|a Acuerdos internacionales
|2 spines
|
| 650 |
|
7 |
|a Derechos humanos
|2 spines
|
| 650 |
|
7 |
|a Derecho constitucional
|2 spines
|
| 650 |
|
7 |
|a Constitución
|2 toit
|
| 651 |
|
7 |
|a Argentina
|2 spines
|
| 929 |
|
|
|a DONACION
|b Centro de Derechos Humanos Emilio Mignone
|d 0
|e 20060712
|f PAT0021239
|g 455
|j 49802
|
| 942 |
|
|
|c LIB
|n 0
|
| 999 |
|
|
|c 23314
|d 98701
|